Attori della saga di Harry Potter - Statistics

Statistiche generali
  • Questo quiz è stato fatto 185 volte
  • Il punteggio medio è 8 su 15
Statistiche sulle risposte
Hint Risposta % Corretto
Hermione Granger Emma Watson
97%
Harry Potter Daniel Radcliffe
85%
Ron Weasley Rupert Grint
84%
Draco Malfoy Tom Felton
79%
Severus Piton Alan Rickman
69%
Cedric Diggory Robert Pattinson
66%
Minerva McGranitt Maggie Smith
55%
Bellatrix Lestrange Helena Bonham Carter
50%
Sirius Black Gary Oldman
46%
Lord Voldemort Ralph Fiennes
46%
Albus Silente (film 3-8) Michael Gambon
37%
Rubeus Hagrid Robbie Coltrane
33%
Albus Silente (film 1-2) Richard Harris
30%
Gilderoy Allock Kenneth Branagh
22%
Argus Gazza David Bradley
11%
Nessun quiz corrispondente trovato
Distribuzione punteggi
Percentuale di utenti per punteggio
Percentile per numero di risposta
I tuoi punteggi nel tempo
Non hai fatto questo quiz